| 000 | 00815cab a2200241 4500 | ||
|---|---|---|---|
| 001 | WB2921-39 | ||
| 008 | 090401t1993 xxu||||| |||| 00| 0 eng d | ||
| 035 | _a(Sirsi) u42886 | ||
| 041 | _aeng | ||
| 100 | _aHall, Brian | ||
| 245 | _aUnilateral undertakings | ||
| 260 | _c1993 | ||
| 350 | _a0 | ||
| 490 |
_aCSW - The Property Week _v43(10) 3 June 1993, 51(1) |
||
| 520 | _aThe decision in "Wimpey Homes Ltd v SoS Environment & Winchester CC" emphasises the importance to developers of securing sufficient land for public use in the absence of agreement with the council. | ||
| 650 | _aOPEN SPACE | ||
| 650 | _aPLANNING OBLIGATIONS | ||
| 650 | _aTOWN AND COUNTRY PLANNING ACT 1990 S106 | ||
| 690 | _aLAND-CASE LAW | ||
| 690 | _aPLANNING LAW AND PRACTICE-CASE LAW | ||
| 942 | _n0 | ||
| 948 | _c04/03/1997 | ||
| 999 |
_c27430 _d27430 |
||